banner-ar

البحث العلمى فى المجال الرياضى / (Record no. 62546)

MARC details
000 -الفاتح
حقل البيانات ثابتة الطول 01026nam a22002537a 4500
005 - وقت وتاريخ اخر تعامل مع التسجيلة
رقم الضبط 20240530110555.0
008 - عناصر البيانات ثابتة الطول - معلومات عامة
حقل البيانات ثابتة الطول 160809s2013 ua a f b 000 0 ara d
017 ## - رقم الايداع القانونى
رقم الايداع القانونى 2012/17490
المصدر ( الهيئة المختصة) مصر . دار الكتب المصرية
020 ## - الرقم الدولى المعيارى للكتب
الرقم الدولى المعيارى للكتاب 9789770527979
040 ## - مصدر الفهرسة
وكالة الفهرسة الأصلية EG-CaGPL
082 04 - رقم تصنيف ديوى العشرى
رقم الطبعة 21
رقم التصنيف 001.42\
رقم المادة م ب
100 0# - المدخل الرئيسى - إسم شخصى
الإسم الشخصى مصطفى حسين باهى .
245 12 - بيان العنوان
العنوان البحث العلمى فى المجال الرياضى /
بيان المسئوليه,etc تأليف مصطفى حسين باهى ، أحمد كمال نصارى ، مختار أمين عبدالغنى .
250 ## - بيان الطبعة
بيان الطبعة ط1 .
260 ## - PUBLICATION, DISTRIBUTION, ETC. (IMPRINT)
تاريخ النشر أو التوزيع 2013 .
300 ## - الوصف المادى
التعداد 176ص ؛
أبعاد الوعاء 24 سم .
504 ## - تبصرة ببليوجرافية
تبصرة ببليوجرافية,الخ ببليوجرافية : ص 165 - 173
650 04 - المدخل الاضافى بالموضوع-مصطلح موضوعى
مصطلح موضوعي البحث العلمى .
650 04 - المدخل الاضافى بالموضوع-مصطلح موضوعى
مصطلح موضوعي طرق البحث .
700 0# - المدخل الاضافى - اسم شخصى
الإسم الشخصى أحمد كمال نصارى
الدور مؤلف مشارك .
700 0# - المدخل الاضافى - اسم شخصى
الإسم الشخصى مختار أمين عبدالغنى
الدور مؤلف مشارك .
942 ## - عناصر المدخل الإضافي( كوها)
مصدر التصنيف او مخطط الترفيف Dewey Decimal Classification
Koha [default] item type كتاب
260 ## - PUBLICATION, DISTRIBUTION, ETC. (IMPRINT)
-- مصر :
-- مكتبة الانجلو المصرية ،
Holdings
حالة التراجع حالة الفقد حالة تلف ليس للاعارة المكان المؤقت الموقع الحالى تاريخ الاكتساب اجمالي اﻻعارات رقم الطلب الباركود تاريخ اخر مشاهدة تاريخ تفعيل السعر نوع وعاء كوها
        مكتبة القاهرة الكبرى مكتبة القاهرة الكبرى 08/09/2016   001.42\ م ب 162311 08/09/2016 08/09/2016 كتاب

Powered By

EGPV